| 000 | 00498cam a2200145u 4500 | ||
|---|---|---|---|
| 082 |
_a973.7 _bHEN _cD |
||
| 100 | 1 |
_aHenderson, G. F. R. _946591 |
|
| 245 | 1 | 0 | _aStonewall Jackson and the American civil war, |
| 260 |
_aLondon, _aNew York [etc.] _bLongman, Green, and co., _c1911. |
||
| 300 |
_a1 v. _b2 port. (incl. front.) maps (part fold.) _c21 cm. |
||
| 526 |
_a0 _b0 _c0 _d973_700000000000000_HEN |
||
| 650 | 0 |
_aGenerals _zConfederate States of America _950243 |
|
| 650 | 0 |
_aMCE _9379 |
|
| 942 |
_2ddc _cBK |
||
| 999 |
_c552969 _d552969 |
||